000 00749nam a2200277Ia 4500
003 OSt
005 20221007075017.0
006 a|||||r|||| 00| 0
007 ta
008 221006b |||||||| |||| 00| 0 eng d
020 _a8187162244
024 _a9,839
037 _cTextual
040 _aFLL
_cFLL
_beng
041 _2eng
_aeng
082 _aZ2,5, P0
100 _aPillai's P. S. A. Au.
_9683698
245 0 _aCriminal law
250 _a9th
260 _aNew Delhi
_bButterworth India
_c2000
300 _a990p
_ccm.
700 _a Nagasaila D. Au.
_9693406
700 _a Suresh V. Au.
_9693407
942 _hZ2,5, P0
_cTEXL
_2CC
999 _c1154480
_d1154480